000 00274nam a22001217a 4500
008 170615b xxu||||| |||| 00| 0 eng d
041 _aeng
080 _25 ED
_a94
100 _a19
101 _aSHP
245 _aTHE HUMANISTIC TRADITION
_cFIERO.L.K
942 _2udc
_cBK
999 _c17572
_d17572